| 000 | 00764nam a2200229 i 4500 | ||
|---|---|---|---|
| 001 | 84733 | ||
| 003 | ES-MaACL | ||
| 005 | 20230906175103.0 | ||
| 007 | t| | ||
| 008 | 041123s1965 sp ||||1| spa d | ||
| 100 | 1 |
_aJenny, Henry. _966310 |
|
| 245 | 1 | 3 |
_aLa Misa, Pascua del Señor _b: esquema de sermones sobre la Misa / _cHenry Jenny ; [versión, Carlos Prieto y Paulino Lucio]. |
| 260 |
_a[Bilbao] : _bDesclée de Brouwer, _c1965. |
||
| 300 |
_a190 p. ; _c19 cm. |
||
| 490 | 1 | _aBiblioteca de estudios pastorales | |
| 650 | 0 | 4 |
_aMisa. _915074 |
| 700 | 1 |
_aLucio, Paulino. _974593 |
|
| 700 | 1 |
_aPrieto, Carlos _ctraductor. _9183836 |
|
| 830 | 0 |
_aBiblioteca de estudios pastorales _9181669 |
|
| 852 |
_aES-MaACL _jC-27714 _bR.56743 |
||
| 999 |
_c84733 _d84733 |
||